Fiber optic communications

Tallennettuna:
Bibliografiset tiedot
Päätekijä: Joseph C. Palais
Aineistotyyppi: Kirja
Kieli:Undetermined
Julkaistu: Upper Saddle River, NJ Prentice-Hall 1998
Aiheet:
Tagit: Lisää tagi
Ei tageja, Lisää ensimmäinen tagi!
Thư viện lưu trữ: Trung tâm Học liệu Trường Đại học Cần Thơ
LEADER 00489nam a2200157Ia 4500
001 CTU_56288
008 210402s9999 xx 000 0 und d
082 |a 621.369'2 
100 |a Joseph C. Palais 
245 0 |a Fiber optic communications 
245 0 |c Joseph C. Palais 
260 |a Upper Saddle River, NJ 
260 |b Prentice-Hall 
260 |c 1998 
650 |a telecommunication systems,optical fibers,optical communications 
980 |a Trung tâm Học liệu Trường Đại học Cần Thơ